000 00288nam a22001337a 4500
008 170220b xxu||||| |||| 00| 0 eng d
020 _a9780812114386
041 _aeng
080 _24TH
_a615
100 _a5
101 _aSHF
245 _aPHYSICAL PHARMACY
_cMARTIN, A
942 _2udc
_cBK
999 _c5801
_d5801